000 00482cam a2200145 4500500
005 20251012032534.0
041 _afre
042 _adc
100 1 0 _aWidemann, Jean
_eauthor
245 0 0 _aUn secret dans la mesure de la latitude par les marins portugais du xvie siècle ?
260 _c2005.
500 _a92
786 0 _nSigila | 15 | 1 | 2005-06-20 | p. 133-139 | 1286-1715
856 4 1 _uhttps://shs.cairn.info/revue-sigila-2005-1-page-133?lang=fr&redirect-ssocas=7080
999 _c1547618
_d1547618